Регионална библиотека "Любен Каравелов" - Русе

Правилата на хората (Запис номер 325036)

MARC детайли
000 -Лидер
Контролно поле с фиксирана дължина 01778aam a2200349 a 4500
003 - Код на организацията, давaща контролен номер
Контролно поле BLK
005 - Дата и час на последна редакция
Контролно поле 20240703123126.0
008 - Елементи от данни с фиксирана дължина
fixed length control field 181010b bu ||||| |||| 00| 0 bu d
020 ## - Международен стандартен номер на книга ISBN
Международен стандартен номер на книга ISBN 9789547694576
040 ## - Източник на каталожния запис
Идентификатор на билиотеката - собственик на записа BLK
041 ## - Код за език
Код за езика на текст/звукозапис или на отделно заглавие Български
Код за езика КДБФ Български
080 ## - УДК
Текстов определител УДК Социално поведение. Социална психология
УДК код - определител по УДК 316.6
УДК - код + определител 316.6
080 ## - УДК
Текстов определител УДК Индивидуална психология. Психология на личността. Индивидуалност. Психология на характера. Характерология. Психологическа типология
УДК код - определител по УДК 159.923
УДК - код + определител 159.923
100 ## - Редна дума - Автор
Автор Темплар, Ричард
Авторска отговорност първи автор
R(LIN) 1299
139 ## - Редно поле
Редна дума Темплар, Ричард
Авторски знак Тем - Т 47
245 ## - Сведения за заглавието
Заглавие Правилата на хората
Подзаглавни данни Личен кодекс за успешно общуване
Редно поле (дума) Ричард Темплар
260 ## - Област на издателските данни
Име на издателя, разпространителя и проч. Обсидиан
Година на издаване 2018
Място на издаване, разпространение и проч. София
300 ## - Физическа характеристика
Страници 323 с.
Размери/Мащаб 21 см
380 ## - Жанр
Жанр Обществени науки
500 ## - Общи забележки
Забележка Ориг. загл.: The rules of people / Richard Templar. - Възприетата форма на името на авт. Ричард Темплар е Ричард Темплър. - Ричард Темплър - псевд. на авт. Richard Craze
650 #0 - Допълнително описание по предмет – тема
9 (RLIN) 313334
Основно описание – тема или топоним Социална психология - популярна литература
650 #0 - Допълнително описание по предмет – тема
9 (RLIN) 267089
Основно описание – тема или топоним Психология на личността
653 #7 - Ключова дума – ненормативна
9 (RLIN) 192678
Ключова дума общуване
653 #7 - Ключова дума – ненормативна
9 (RLIN) 186471
Ключова дума етика
700 ## - Други автори (авторска отговорност)
Лично име Стоименов, Милко Христов
9 (RLIN) 365369
852 ## - Местоположение
Форматна сигнатура Цб 294145
999 ## - СИСТЕМНИ КОНТРОЛНИ НОМЕРА
Koha biblionumber 325036
Koha biblioitemnumber 325036
942 ## - АРТИКУЛИ
Вид на библиотечния материал Книги
Източник на класификационната схема Universal Decimal Classification
Скрит в OPAC Не
Koha issues (borrowed), all copies 8
944 ## - СЪЗДАВАНЕ И РЕДАКЦИЯ на ЗАПИСА
Създаване/Редакция Редакция
Дата на регистрацията/редакция 2019-03-27
Служител, извършил регистрацията/редакцията 30530
Статус, дата на статуса Минев Младен
999 ## - СИСТЕМНИ КОНТРОЛНИ НОМЕРА
Koha biblioitemnumber 325036
999 ## - СИСТЕМНИ КОНТРОЛНИ НОМЕРА
Koha biblioitemnumber 325036
999 ## - СИСТЕМНИ КОНТРОЛНИ НОМЕРА
Koha biblioitemnumber 325036
Наличности
Код за отписване Код за изгубен артикул Източник на класификационната схема Код за повреда Код за отдаване Артикулен № Име на библиотеката - собственик Име на библиотеката, в която се намира в момента Статус (Текущо местоположение) Дата на вписване в системата Местоположение - отдел Цена в лева Инвентарен номер Систематично азбучна сигнатура Баркод Цена в евро Служебен тип на артикула Коз за рестрикции
  Не е изгубен Universal Decimal Classification Не е повреден заемане за дома 680966 Регионална библиотека "Любен Каравелов" Русе Регионална библиотека "Любен Каравелов" Русе Заемна - подръчен фонд 2018-09-27 Заемна - подръчен фонд 12.75 120000824078 П 316.6/Т 47 120000824078 6.52 Книги  
  Не е изгубен Universal Decimal Classification Не е повреден ползва се в читалня 696977 Регионална библиотека "Любен Каравелов" Русе Регионална библиотека "Любен Каравелов" Русе Хранилище 2019-04-01 Хранилище 17.00   Цб 294145 120000830681 8.69 Книги без рестрикции
Vip Innovations Ltd, Rousse, Bulgaria 2025